Т. 15 : Башкирская АССР и Оренбургская область. Период 1929-1940. Вып. 1 : Опубликованные работы; Геологическая изученность СССР

Dades bibliogràfiques
Parent link:Геологическая изученность СССР: [обзорные главы, рефераты, аннотации и библиографические справки]/ Академия Наук СССР, Комиссия по геологической изученности СССР. Т. 15 : Башкирская АССР и Оренбургская область. Период 1929-1940. Вып. 1 : Опубликованные работы.— , 1961-1988
Autor corporatiu: Академия наук СССР (АН СССР) Башкирский филиал Институт геологии
Altres autors: Тихомиров В. В. Владимир Владимирович
Idioma:rus
Publicat: Москва, Наука, 1979
Matèries:
Format: MixedMaterials Llibre
KOHA link:https://koha.lib.tpu.ru/cgi-bin/koha/opac-detail.pl?biblionumber=347091

MARC

LEADER 00000nam2a2200000 4500
001 347091
005 20231102005947.0
035 |a (RuTPU)RU\TPU\book\378976 
035 |a RU\TPU\book\229618 
090 |a 347091 
100 |a 20220209d1979 k y0rusy50 ca 
101 0 |a rus 
102 |a RU 
105 |a y ad 001zy 
200 0 |a Т. 15 : Башкирская АССР и Оренбургская область. Период 1929-1940. Вып. 1 : Опубликованные работы 
210 |a Москва  |c Наука  |d 1979 
215 |a 316 с. 
320 |a Авторский указатель: с. 286-290 
320 |a Предметно-систематический указатель: с. 290-293 
320 |a Географический указатель: с. 293-309 
320 |a Указатель минералов, полезных ископаемых и месторождений: с. 310-315 
461 1 |0 (RuTPU)RU\TPU\book\58444  |t Геологическая изученность СССР  |o [обзорные главы, рефераты, аннотации и библиографические справки]  |f Академия Наук СССР, Комиссия по геологической изученности СССР  |v Т. 15 : Башкирская АССР и Оренбургская область. Период 1929-1940. Вып. 1 : Опубликованные работы  |d 1961-1988 
606 1 |a Геологическая изученность  |y СССР  |2 stltpush  |3 (RuTPU)RU\TPU\subj\6035  |9 34000 
610 1 |a Башкирская АССР 
610 1 |a Оренбургская область 
610 1 |a геологическое районирование 
610 1 |a геологические исследования 
610 1 |a аннотации 
610 1 |a опубликованные источники 
610 1 |a рефераты 
610 1 |a библиографические пособия 
675 |a 55(47+57)  |v 3 
702 1 |a Тихомиров  |b В. В.  |g Владимир Владимирович  |4 651 
712 0 2 |a Академия наук СССР (АН СССР)  |b Башкирский филиал  |b Институт геологии  |c (Уфа)  |2 stltpush  |3 (RuTPU)RU\TPU\col\10647 
801 1 |a RU  |b 63413507  |c 20120221 
801 2 |a RU  |b 63413507  |c 20220209  |g RCR 
942 |c BK